Ordenanzas de la Ilustre Universidad y Casa de Contratacion de ... Bilbao (Record no. 166790)
[ view plain ]
| 000 -LEADER | |
|---|---|
| campo de control de longitud fija | 01181nam a22002295i 4500 |
| 001 - NÚMERO DE CONTROL | |
| campo de control | 166790 |
| 003 - IDENTIFICADOR DE NÚMERO DE CONTROL | |
| campo de control | ES-MaACL |
| 005 - FECHA Y HORA DE LA ÚLTIMA TRANSACCIÓN | |
| campo de control | 20230906213413.0 |
| 008 - DATOS DE LONGITUD FIJA--INFORMACIÓN GENERAL | |
| campo de control de longitud fija | 991213s1819 sp af |||| | spa d |
| 040 ## - FUENTE DE CATALOGACIÓN | |
| Centro catalogador/agencia de origen | CCPB | B |
| Lengua de catalogación | spa |
| Centro/agencia transcriptor | CCPB | B |
| 110 2# - ENTRADA PRINCIPAL--NOMBRE DE ENTIDAD CORPORATIVA | |
| Nombre de entidad corporativa o nombre de jurisdicción como elemento de entrada | Universidad y Casa de Contratación (Bilbao) |
| 9 (RLIN) | 135015 |
| 245 10 - MENCIÓN DEL TÍTULO | |
| Título | Ordenanzas de la Ilustre Universidad y Casa de Contratacion de ... Bilbao |
| Resto del título | : aprobadas y confirmadas por ... Felipe V en 2 de diciembre de 1737, y D. Fernando VII en 27 de junio de 1814 : con insercion de los reales privilegio, y la provision de 9 de julio de 1818 que contiene las alteraciones hechas a solicitud del mismo consulado y comercio ... |
| 250 ## - MENCION DE EDICION | |
| Mención de edición | Reimp. ... |
| Resto de la mención de edición | á costa de la misma Universidad y Casa de Contratacion. |
| 260 ## - PUBLICACIÓN, DISTRIBUCIÓN, ETC. | |
| Lugar de publicación, distribución, etc. | Madrid : |
| Nombre del editor, distribuidor, etc. | [s.n.], |
| Fecha de publicación, distribución, etc. | 1819 ( |
| Fabricante | Imprenta de Miguel de Burgos) |
| 300 ## - DESCRIPCIÓN FÍSICA | |
| Extensión | [4], 395 p., [1] h. de grab. ; |
| Dimensiones | 30 cm. |
| 597 #1 - NOTA DE DESCRIPCIÓN FÍSICA | |
| NOTA DE DESCRIPCIÓN FÍSICA | Signaturizado. |
| 597 ## - NOTA DE DESCRIPCIÓN FÍSICA | |
| NOTA DE DESCRIPCIÓN FÍSICA | Apostillas marginales. |
| 599 #1 - NOTA A LAS ILUSTRACIONES | |
| NOTA A LAS ILUSTRACIONES | La h. de grab. es un grab. calc. del esc. de la entidad. |
| 610 24 - PUNTO DE ACCESO ADICIONAL DE MATERIA--NOMBRE DE ENTIDAD CORPORATIVA | |
| Nombre de entidad corporativa o nombre de jurisdicción como elemento de entrada | Universidad y Casa de Contratación (Bilbao)- |
| Subdivisión de forma | Ordenanzas. |
| 9 (RLIN) | 135016 |
| 752 ## - ENTRADA AGREGADA--NOMBRE JERÁRQUICO DEL LUGAR | |
| País o entidad superior | España - |
| Ciudad | Madrid |
| 852 ## - LOCALIZACIÓN | |
| Ubicación | ES-MaACL |
| Número de control de estantería | B-9457 |
| Nota libre | -- Enc. hol. |
| Estatus retirado | Estado de pérdida | Estado de daño | No para préstamo | Colección | Biblioteca de origen | Biblioteca actual | Ubicación en estantería | Fecha de adquisición | Fuente de adquisición | Total de préstamos | Signatura topográfica completa | Código de barras | Visto por última vez | Precio de reemplazo | Tipo de ítem Koha |
|---|---|---|---|---|---|---|---|---|---|---|---|---|---|---|---|
| Libros del s. XIX | Biblioteca del Ateneo de Madrid | Biblioteca del Ateneo de Madrid | Sala Pardo Bazán | 17/01/2008 | B-9457 | 1174941 | 23/02/2023 | 23/02/2023 | Libro impreso antiguo |
